00000000nam##2200000za#4500
0019.593997
003CaOODSP
00520210624202151
007cr |||||||||||
008150406|2006||||xxc|||||o    f|0| 0 fre|d
040 |aCaOODSP|bfre
043 |an-cn---
0861 |aYM32-6/05-104F-PDF
24500|aLes investissements fédéraux dans la recherche et le développement et le renforcement des capacités du secteur de l'enseignement supérieur / |h[ressource électronique]|c[par] Chantal Collin.
260 |bBibliothèque du Parlement. |cLe 30 mars 2006.
300 |a17p.|btableaux
4901 |a[Les études générales modulaires]|vPRB 05-104F
590 |a06-47|b2006-11-24
69107|aEnseignement postsecondaire|2gcpds
69107|aGouvernement fédéral|2gcpds
69107|aSubvention de recherche|2gcpds
7101 |aCanada.|bBibliothèque du Parlement. |bDirection de la recherche parlementaire.
7201 |aCollin, Chantal
77508|tFederal investments in research and development and capacity building in the higher education sector / |w(CaOODSP)9.561397
830#0|a[Les études générales modulaires]|vPRB 05-104F|w(CaOODSP)9.501321
85640|ahttp://publications.gc.ca|qPDF|s164 Ko|uhttps://publications.gc.ca/collections/Collection-R/LoPBdP/PRB-f/PRB05104-f.pdf|yPRB 05-104F